00882nam a2200205Ia 4500001002400000003000900024008004100033040002300074041001300097100004400110240010300154245013700257250001500394260003200409300001900441490002600460501012400486520003300610700003300643270.8-EVA po co (12535)IT-MiSPE171229s9999||||xx |||||||||||||| ||und|| aIT-MiSPEcIT-MiSPE aITALIANO aEvagario Pontico (Évagre le Pontique) aAd virginem; Sententiae ad monachos; Rerum monachalium rationes; Epistula...; Practicus; Gnosticus 0aPer conoscere luibEsortazione a una vergine; Ai monaci; Ragioni delle osservanze monastiche; Lettera ad Anatolio; Pratico; Gnostico a1a ed. (v) aMagnano (BI)bQiqajonc1996 a284 p. c21 cm aTesti patristiciv141 aEdizioni San Paolo srl - Piazza Soncino, 5 - 20092 CINISELLO BALSAMO (MI) (non commercial uses only) ® Copyright 2018 aPaolo Bettiolo (intr., note) aPaolo Bettiolog(traduzione)